| 000 | 00439nam a22001217a 4500 | ||
|---|---|---|---|
| 999 |
_c9385 _d9385 |
||
| 003 | OSt | ||
| 008 | 201203b ||||| |||| 00| 0 eng d | ||
| 245 | _aDESIDOC Journal Of Library And Information Technology | ||
| 250 | _a2011( Jan Vol.31 No.1, May Vol.31 No.3, Jul Vol.31 No.4, Sep Vol.31 No.5, Nov Vol.31 No.6 ) | ||
| 260 |
_aNew Delhi _bDefence Scientific Information And Documentation Centre |
||
| 650 | _aApplied Science | ||
| 942 |
_2ddc _cBV |
||